| 000 | 00764cab a2200217 4500 | ||
|---|---|---|---|
| 001 | WB2901-80 | ||
| 008 | 090401t1993 xxu||||| |||| 00| 0 eng d | ||
| 035 | _a(Sirsi) u18737 | ||
| 041 | _aeng | ||
| 245 | _aPension fund valuation rules | ||
| 260 | _c1993 | ||
| 350 | _a0 | ||
| 490 |
_aCS Monthly : General Practice _v2(4) January 1993, 2(1) |
||
| 520 | _aChanges to SAVP No 22 in "Statements of asset valuation practice" (Red book) have been proposed by the Assets Valuation Standards Committee to allay public concern over the regulation of pension and superannuation funds. Comments requested. | ||
| 650 | _aASSET VALUATION | ||
| 650 | _aPENSION FUNDS | ||
| 650 | _aSAVP NO 22 | ||
| 690 | _aRATING AND VALUATION | ||
| 942 | _n0 | ||
| 948 | _c04/03/1997 | ||
| 999 |
_c12469 _d12469 |
||